Ilicitud, culpa y estado de necesidad : (Record no. 147539)

MARC details
000 -LEADER
fixed length control field 00838cam a2200217 4500
008 - FIXED-LENGTH DATA ELEMENTS--GENERAL INFORMATION
fixed length control field 090521s2006 sp 000 0 spa u
020 ## - INTERNATIONAL STANDARD BOOK NUMBER
International Standard Book Number 9788497728522
050 04 - LIBRARY OF CONGRESS CALL NUMBER
Classification number KKT3855
Item number G37 2006
100 1# - MAIN ENTRY--PERSONAL NAME
Personal name García-Ripoll Montijano, Martín
245 10 - TITLE STATEMENT
Title Ilicitud, culpa y estado de necesidad :
Remainder of title (Un estudio de responsabilidad extracontractual en los Códigos Penal y Civil) /
Statement of responsibility, etc Martín García-Ripoll Montijano
250 ## - EDITION STATEMENT
Edition statement 1a ed.
260 ## - PUBLICATION, DISTRIBUTION, ETC. (IMPRINT)
Place of publication, distribution, etc Madrid, España :
Name of publisher, distributor, etc Dykinson, S.L.,
Date of publication, distribution, etc 2006
300 ## - PHYSICAL DESCRIPTION
Extent 264 páginas ;
Dimensions 21 cm.
440 #0 - SERIES STATEMENT/ADDED ENTRY--TITLE
Title Monografías de Derecho Penal ;
Volume number/sequential designation No. 6
504 ## - BIBLIOGRAPHY, ETC. NOTE
Bibliography, etc Bibliografía : páginas 247-264
650 #7 - SUBJECT ADDED ENTRY--TOPICAL TERM
Topical term or geographic name as entry element Ilegalidad
Geographic subdivision España
Source of heading or term Lemb
650 #7 - SUBJECT ADDED ENTRY--TOPICAL TERM
Topical term or geographic name as entry element Culpa jurídica
Geographic subdivision España
Source of heading or term Lemb
650 #7 - SUBJECT ADDED ENTRY--TOPICAL TERM
Topical term or geographic name as entry element Estado de necesidad
Geographic subdivision España
Source of heading or term Lemb
650 #7 - SUBJECT ADDED ENTRY--TOPICAL TERM
Topical term or geographic name as entry element Actos ilícitos
Geographic subdivision España
Source of heading or term Lemb
942 ## - ADDED ENTRY ELEMENTS (KOHA)
Source of classification or shelving scheme Biblioteca del Cogreso de los Estados Unidos
Koha item type Libro
Holdings
Estado de pérdida Fuente de clasificación Estado del daño No para préstamo Ubicación permanente Ubicación actual Apartado o colección Fecha de adquisición Edición Dependencia de educación superior (DES) Área del conocimiento Total Checkouts Clasificación Código de Barras Date last seen Número de copia Costo por reposición Tipo de recurso
  Biblioteca del Cogreso de los Estados Unidos     Biblioteca de la Facultad de Derecho y Ciencias Sociales "Felipe J. Tena" Biblioteca de la Facultad de Derecho y Ciencias Sociales "Felipe J. Tena" General 07/06/2022 1a ed. Derecho Ciencias Sociales y Administrativas   KKT3855 G37 2006 BFD000013202 07/06/2022 1 1.00 Libro